theme parks(what i know)in England - Statistics

General Stats
  • This quiz has been taken 368 times
  • The average score is 4 of 10
Answer Stats
Hint Answer % Correct
alton towers
98%
thorpe park
86%
chessington
64%
legoland
50%
drayton manor
46%
pleasure beach
27%
gullivers
16%
woodlands
2%
crealy cornwall
1%
crealy devon
1%
No matching quizzes found
Score Distribution
Percent of People with Each Score
Percentile by Number Answered
Your Score History
You have not taken this quiz